000
00416nam a2200133Ia 4500
008
100328s9999 xx 000 0 und d
082
_b
66964
100
_a
हंप्रस प्रतिभा सुाीर.
245
_a
झुंज नियतीशी.
260
_b
साकेत.
630
_a
झुंज नियतीशी.
730
_a
झुंज नियतीशी.
942
_c
BOOK
999
_c
552703
_d
552700